|
|
|
|
| LEADER |
01324nam a2200325 a 4500 |
| 001 |
4241544 |
| 008 |
090804s1984 enkj b 000 0 eng d |
| 010 |
|
|
|a \\\83013053
|
| 020 |
|
|
|a 0140444254 (pbk.)
|
| 040 |
|
|
|a DLC
|c DLC
|d DLC
|
| 082 |
0 |
0 |
|a 882/.01
|2 19
|
| 100 |
0 |
|
|a Sophocles.
|
| 240 |
1 |
0 |
|a Selections.
|l English.
|f 1984
|
| 245 |
1 |
4 |
|a The three Theban plays /
|c Sophocles ; translated by Robert Fagles ; introductions and notes by Bernard Knox.
|
| 260 |
|
|
|a Harmondsworth, Middlesex, England ;
|a New York, N.Y. :
|b Penguin Books,
|c 1984.
|
| 300 |
|
|
|a 430 p. :
|b ill., geneal. table ;
|c 20cm.
|
| 490 |
0 |
|
|a Penguin classics
|
| 504 |
|
|
|a Bibliography: p. [421]-423.
|
| 505 |
0 |
|
|a Antigone -- Oedipus the King -- Oedipus at Colonus.
|
| 541 |
1 |
|
|e 00009388
|
| 600 |
0 |
0 |
|a Sophocles
|x Translations into English.
|
| 650 |
|
0 |
|a Antigone (Greek mythology)
|x Drama.
|
| 650 |
|
0 |
|a Oedipus (Greek mythology)
|x Drama.
|
| 651 |
|
0 |
|a Thebes (Greece)
|x Drama.
|
| 655 |
|
7 |
|a Tragedies.
|2 gsafd
|
| 700 |
1 |
|
|a Fagles, Robert.
|
| 700 |
1 |
|
|a Knox, Bernard MacGregor Walker.
|
| 852 |
4 |
|
|a Ayesha Abed Library
|j General shelf
|
| 999 |
|
|
|c 3698
|d 3698
|
| 952 |
|
|
|0 0
|1 4
|2 ddc
|4 0
|6 882_010000000000000_SOP
|7 0
|9 3358
|a BRACUL
|b BRACUL
|c GEN
|d 2009-09-03
|g 0.00
|l 0
|o 882.01 SOP
|p 3010009388
|r 2009-09-03
|t 1
|w 2009-09-03
|y BK
|x No price found in the accession register.
|